MARC details
| 000 -LEADER |
| fixed length control field |
02174ngm a22005058i 4500 |
| 005 - DATE AND TIME OF LATEST TRANSACTION |
| control field |
20200320201453.0 |
| 007 - PHYSICAL DESCRIPTION FIXED FIELD--GENERAL INFORMATION |
| fixed length control field |
vd cvaizk |
| 008 - FIXED-LENGTH DATA ELEMENTS--GENERAL INFORMATION |
| fixed length control field |
160912s2016 090 g ## vleng d |
| 024 1# - OTHER STANDARD IDENTIFIER |
| Standard number or code |
883476151830 |
| 040 ## - CATALOGING SOURCE |
| Language of cataloging |
eng |
| Description conventions |
rda |
| Modifying agency |
MMLLC |
| 082 ## - DEWEY DECIMAL CLASSIFICATION NUMBER |
| Classification number |
[FIC] |
| 245 00 - TITLE STATEMENT |
| Title |
Sharknado |
| Medium |
[videorecording] : |
| Remainder of title |
the 4th awakens / |
| Statement of responsibility, etc |
Tara Reid, Ian Ziering, David Hasselhoff. |
| 250 ## - EDITION STATEMENT |
| Edition statement |
Widescreen. |
| 264 #1 - Production, Publication, Distribution, Manufacture, and Copyright Notice. |
| Place of production, publication, distribution, manufacture |
[United States] : |
| Name of producer, publisher, distributor, manufacturer |
[Asylum - Gaiam], |
| Date of production, publication, distribution, manufacture, or copyr |
[2016] |
| 264 #2 - Production, Publication, Distribution, Manufacture, and Copyright Notice. |
| Place of production, publication, distribution, manufacture |
Old Saybrook, Connecticut : |
| Name of producer, publisher, distributor, manufacturer |
www.micromarketing.org |
| 300 ## - PHYSICAL DESCRIPTION |
| Extent |
1 videodisc (90 min.) : |
| Other physical details |
sd., col ; |
| Dimensions |
4 3/4 in. |
| 336 ## - Content Type |
| Content type term |
two-dimensional moving image |
| 337 ## - Media type |
| Media type term |
video |
| 338 ## - Carrier type |
| Carrier type term |
videodisc |
| 344 ## - |
| -- |
digital |
| -- |
optical |
| -- |
rda |
| 346 ## - |
| -- |
NTSC |
| -- |
rda |
| 347 ## - |
| -- |
video file |
| -- |
DVD video |
| -- |
rda |
| 500 ## - GENERAL NOTE |
| General note |
Title and description based on researched data. |
| 500 ## - GENERAL NOTE |
| General note |
Cast not confirmed. |
| 511 1# - PARTICIPANT OR PERFORMER NOTE |
| Participant or performer note |
Starring Tara Reid, Ian Ziering, David Hasselhoff. |
| 520 ## - SUMMARY, ETC. |
| Summary, etc |
"Five years after the wave of sharknados that wracked the east coast, our heroes are living a quiet life in the middle of the country -- as far away from sharks as possible. But all mankind should know by now, there is no escaping. . .Stars Tara Reid, Ian Ziering, David Hasselhoff." |
| 521 8# - TARGET AUDIENCE NOTE |
| Target audience note |
Rating: not rated. |
| 538 ## - SYSTEM DETAILS NOTE |
| System details note |
DVD, color, widescreen, NTSC. |
| 546 ## - LANGUAGE NOTE |
| Language note |
English audio. |
| 650 #0 - SUBJECT ADDED ENTRY--TOPICAL TERM |
| Topical term or geographic name as entry element |
Sharks |
| Form subdivision |
Drama. |
| 9 (RLIN) |
5754993 |
| 650 #0 - SUBJECT ADDED ENTRY--TOPICAL TERM |
| Topical term or geographic name as entry element |
Shark attacks |
| Form subdivision |
Drama. |
| 9 (RLIN) |
5925547 |
| 655 #7 - INDEX TERM--GENRE/FORM |
| Genre/form data or focus term |
Feature films. |
| Source of term |
lcgft |
| 9 (RLIN) |
5925548 |
| 655 #7 - INDEX TERM--GENRE/FORM |
| Genre/form data or focus term |
Horror television programs. |
| Source of term |
lcgft. |
| 9 (RLIN) |
102720 |
| 655 #7 - INDEX TERM--GENRE/FORM |
| Genre/form data or focus term |
Science television programs. |
| Source of term |
lcgft. |
| 9 (RLIN) |
5687478 |
| 655 #7 - INDEX TERM--GENRE/FORM |
| Genre/form data or focus term |
Made-for-TV movies. |
| Source of term |
lcgft. |
| 9 (RLIN) |
5925549 |
| 655 #7 - INDEX TERM--GENRE/FORM |
| Genre/form data or focus term |
Films for the hearing impaired. |
| Source of term |
lcgft. |
| 9 (RLIN) |
5673866 |
| 700 1# - ADDED ENTRY--PERSONAL NAME |
| Personal name |
Reid, Tara. |
| 9 (RLIN) |
5925550 |
| 700 1# - ADDED ENTRY--PERSONAL NAME |
| Personal name |
Ziering, Ian. |
| 9 (RLIN) |
5925551 |
| 700 1# - ADDED ENTRY--PERSONAL NAME |
| Personal name |
Hasselhoff, David. |
| 9 (RLIN) |
42984 |
| 710 2# - ADDED ENTRY--CORPORATE NAME |
| Corporate name or jurisdiction name as entry element |
Asylum (firm), |
| Relator term |
film distributor. |
| 9 (RLIN) |
5892684 |
| 942 ## - ADDED ENTRY ELEMENTS (KOHA) |
| Koha item type |
DVD |
| 948 ## - LOCAL PROCESSING INFORMATION (OCLC); SERIES PART DESIGNATOR (RLIN) |
| Series part designator, SPT (RLIN) |
11/16/2016 |
| z (OCLC) |
Sirsi |
| 949 ## - LOCAL PROCESSING INFORMATION (OCLC) |
| n |
www.MicroMarketing.org 800-229-9887 |
| 996 ## - |
| -- |
136420 |
| -- |
34301001369224 |
| -- |
DVD |
| -- |
DVD |
| -- |
wcl |
| -- |
i |
| -- |
12 |
| -- |
14.93 |
| -- |
micro |
| -- |
Sha |
| -- |
11/16/2016 |
| -- |
11/26/2019 |
| -- |
11/22/2019 |